<?xml version="1.0" encoding="UTF-8"?>
<record
    xmlns:xsi="http://www.w3.org/2001/XMLSchema-instance"
    xsi:schemaLocation="http://www.loc.gov/MARC21/slim http://www.loc.gov/standards/marcxml/schema/MARC21slim.xsd"
    xmlns="http://www.loc.gov/MARC21/slim">

  <leader>00702nam a2200181Ia 4500</leader>
  <controlfield tag="008">100921s9999    xx            000 0 und d</controlfield>
  <datafield tag="082" ind1=" " ind2=" ">
    <subfield code="b">32089</subfield>
    <subfield code="a">641.6 &#x925; 99</subfield>
  </datafield>
  <datafield tag="100" ind1=" " ind2=" ">
    <subfield code="a">&#x92C;&#x93E;&#x935;&#x921;&#x947;&#x915;&#x930; &#x928;&#x93F;&#x932;&#x93F;&#x92E;&#x93E;.</subfield>
  </datafield>
  <datafield tag="245" ind1=" " ind2=" ">
    <subfield code="a">&#x92E;&#x938;&#x93E;&#x932;&#x947;&#x926;&#x93E;&#x930; &#x92E;&#x947;&#x928;&#x942;.</subfield>
  </datafield>
  <datafield tag="260" ind1=" " ind2=" ">
    <subfield code="b">&#x938;&#x902;&#x92F;&#x92E; &#x92A;&#x94D;&#x930;&#x915;&#x93E;&#x936;&#x928;, &#x92A;&#x941;&#x923;&#x947;.</subfield>
    <subfield code="c">1999</subfield>
  </datafield>
  <datafield tag="300" ind1=" " ind2=" ">
    <subfield code="a">143</subfield>
    <subfield code="b">&#x936;&#x93E;&#x902;&#x924;&#x940; &#x92A;&#x92C;&#x94D;&#x932;&#x93F;&#x915;&#x947;&#x936;&#x928;,&#x92A;&#x941;&#x923;&#x947;</subfield>
  </datafield>
  <datafield tag="365" ind1=" " ind2=" ">
    <subfield code="b">100</subfield>
  </datafield>
  <datafield tag="520" ind1=" " ind2=" ">
    <subfield code="a">&#x924;&#x902;.&#x935;&#x93F;.-&#x917;&#x943;&#x939;-&#x92A;&#x93E;.&#x936;&#x93E;&#x938;&#x94D;&#x924;&#x94D;&#x930;.</subfield>
  </datafield>
  <datafield tag="630" ind1=" " ind2=" ">
    <subfield code="a">&#x92E;&#x938;&#x93E;&#x932;&#x947;&#x926;&#x93E;&#x930; &#x92E;&#x947;&#x928;&#x942;.</subfield>
  </datafield>
  <datafield tag="650" ind1=" " ind2=" ">
    <subfield code="a">&#x924;&#x902;.&#x935;&#x93F;.-&#x917;&#x943;&#x939;-&#x92A;&#x93E;.&#x936;&#x93E;&#x938;&#x94D;&#x924;&#x94D;&#x930;.</subfield>
  </datafield>
  <datafield tag="730" ind1=" " ind2=" ">
    <subfield code="a">&#x92E;&#x938;&#x93E;&#x932;&#x947;&#x926;&#x93E;&#x930; &#x92E;&#x947;&#x928;&#x942;.</subfield>
  </datafield>
  <datafield tag="942" ind1=" " ind2=" ">
    <subfield code="c">BOOK</subfield>
  </datafield>
  <datafield tag="999" ind1=" " ind2=" ">
    <subfield code="c">781202</subfield>
    <subfield code="d">781199</subfield>
  </datafield>
  <datafield tag="952" ind1=" " ind2=" ">
    <subfield code="0">0</subfield>
    <subfield code="1">0</subfield>
    <subfield code="4">0</subfield>
    <subfield code="7">1</subfield>
    <subfield code="a">WAITILAKGS</subfield>
    <subfield code="b">WAITILAKGS</subfield>
    <subfield code="c">641.6 &#x925; 99</subfield>
    <subfield code="d">0000-00-00</subfield>
    <subfield code="g">100.00</subfield>
    <subfield code="l">0</subfield>
    <subfield code="p">WAITILAKGS-32089</subfield>
    <subfield code="r">2010-09-21 00:00:00</subfield>
    <subfield code="w">2010-09-21</subfield>
    <subfield code="y">BOOK</subfield>
    <subfield code="z">&#x938;&#x902;&#x926;&#x930;&#x94D;&#x92D;</subfield>
  </datafield>
</record>
